000 00266nam a2200121Ia 4500
008 191201s2009 xx 000 0 und d
100 _aALLAKKA, N D
245 0 _aPeer Management
260 _aChennai
_bMJP
_c2009
300 _a230
650 _aMBA
942 _2ddc
_cBK
999 _c4376
_d4376